Addition theorems : the addition theorems of group theory and theory

Αποθηκεύτηκε σε:
Λεπτομέρειες βιβλιογραφικής εγγραφής
Κύριος συγγραφέας: Mann, Henry B. (Henry Berthold)
Μορφή: Βιβλίο
Γλώσσα:English
Δημοσίευση: New York : Interscience Publishers, c1965
Σειρά:Interscience tracts in pure and applied mathematics ; ; 18
Θέματα:
Ετικέτες: Προσθήκη ετικέτας
Δεν υπάρχουν, Καταχωρήστε ετικέτα πρώτοι!

MARC

LEADER 00000cam a2200000 i 4500
001 1/4587
008 100218s1965 eng d
035 |l 10106838 
040 |a GR-MY-UA  |b gre  |e aacr 
041 0 |a eng 
082 0 |a 512.2  |2 (22) 
100 1 |a Mann, Henry B.   |q (Henry Berthold) 
245 1 0 |a Addition theorems :  |b the addition theorems of group theory and theory /  |c Henry B. Mann 
260 |a New York :   |b Interscience Publishers,   |c c1965 
300 |a xi, 114 σ.;  |c 23 εκ. 
490 1 |a Interscience tracts in pure and applied mathematics  |v ; 18 
504 |a Περιέχει βιβλιογραφία και ευρετήριο 
650 0 0 |a Number theory. 
650 0 0 |a Group theory. 
830 0 |a Interscience tracts in pure and applied mathematics ;  |v ; 18 
852 |a INST  |b SAMOS  |c MAG  |e 20100218  |h 512.2 MAN  |p 005300028505  |q 005300028505  |t BK  |y 0 
901 |a BIBL3-2010-1 
909 |a Σ  |b 158138 
970 |a ΣΙΤΖΙΜΗ  |b ΓΙΑΣΕΜΗ  |z 2010/02/18